<?xml version="1.0" encoding="UTF-8"?>
<record
    xmlns:xsi="http://www.w3.org/2001/XMLSchema-instance"
    xsi:schemaLocation="http://www.loc.gov/MARC21/slim http://www.loc.gov/standards/marcxml/schema/MARC21slim.xsd"
    xmlns="http://www.loc.gov/MARC21/slim">

  <leader>01541nam a2200241Ia 4500</leader>
  <controlfield tag="001">21710</controlfield>
  <controlfield tag="005">20260420120347.0</controlfield>
  <controlfield tag="008">260320s9999||||xx |||||||||||||| ||und||</controlfield>
  <datafield tag="022" ind1=" " ind2=" ">
    <subfield code="a">19945272</subfield>
  </datafield>
  <datafield tag="041" ind1=" " ind2=" ">
    <subfield code="a">ESP</subfield>
  </datafield>
  <datafield tag="082" ind1=" " ind2=" ">
    <subfield code="a">HR 324.6 ENE-JUN 2025</subfield>
    <subfield code="b">RE</subfield>
  </datafield>
  <datafield tag="110" ind1=" " ind2=" ">
    <subfield code="a">Oficina Nacional de Procesos Electorales</subfield>
  </datafield>
  <datafield tag="245" ind1=" " ind2="0">
    <subfield code="a">Revista elecciones</subfield>
  </datafield>
  <datafield tag="260" ind1=" " ind2=" ">
    <subfield code="a">Lima :</subfield>
    <subfield code="b">Oficina Nacional de Procesos Electorales,</subfield>
    <subfield code="c">2025</subfield>
  </datafield>
  <datafield tag="300" ind1=" " ind2=" ">
    <subfield code="a">318 p&#xE1;ginas :</subfield>
    <subfield code="c">24 cm.</subfield>
  </datafield>
  <datafield tag="505" ind1=" " ind2=" ">
    <subfield code="a">V. 24, N&#xB0; 29 (Enero-Junio, 2025) Editorial Valeria Lozada Gallo Art&#xED;culos -        La polarizaci&#xF3;n latinoamericana en perspectiva comparada Jennifer McCoy -        Difusi&#xF3;n organizacional: qu&#xE9; nos dice la India sobre c&#xF3;mo triunfa la ultraderecha Felix Pal -        Los discursos de Javier Milei en redes sociales durante el escenario electoral trif&#xE1;sico de 2023 Candela Grinstein, Ariadna Gallo -        Estrategias del PSOE ante Podemos (2015-2016): adaptaci&#xF3;n partidista en un contexto de fragmentaci&#xF3;n pol&#xED;tica Eduardo Bay&#xF3;n -        Cuando las &#xE9;lites se asustan y coluden: backlash judicial y el deterioro democr&#xE1;tico en Guatemala y Per&#xFA; Mar&#xED;a Claudia Augusto Mel&#xE9;ndez, Aar&#xF3;n Qui&#xF1;&#xF3;n </subfield>
  </datafield>
  <datafield tag="650" ind1=" " ind2=" ">
    <subfield code="a">CIS</subfield>
  </datafield>
  <datafield tag="653" ind1=" " ind2=" ">
    <subfield code="a">Derecho - Revista</subfield>
  </datafield>
  <datafield tag="654" ind1=" " ind2=" ">
    <subfield code="a">DER</subfield>
  </datafield>
  <datafield tag="856" ind1=" " ind2=" ">
    <subfield code="u">https://0u214x7a0-y-https-app-vlex-com.itmsp.museknowledge.com/</subfield>
    <subfield code="z">V&#xE9;ase adem&#xE1;s: Base de datos Vlex</subfield>
  </datafield>
  <datafield tag="856" ind1=" " ind2=" ">
    <subfield code="u">https://0u21bx7ag-y-https-palestra-tirantonline-com.itmsp.museknowledge.com/base/per</subfield>
    <subfield code="z">V&#xE9;ase adem&#xE1;s: Base de datos Tirant Palestra</subfield>
  </datafield>
  <datafield tag="942" ind1=" " ind2=" ">
    <subfield code="c">REV</subfield>
    <subfield code="d">JUS</subfield>
    <subfield code="f">MAT</subfield>
    <subfield code="2">ddc</subfield>
  </datafield>
  <datafield tag="999" ind1=" " ind2=" ">
    <subfield code="c">21710</subfield>
    <subfield code="d">21710</subfield>
  </datafield>
  <datafield tag="952" ind1=" " ind2=" ">
    <subfield code="o">HR 324.6 ENE-JUN 2025 RE</subfield>
    <subfield code="p">1085257</subfield>
    <subfield code="8">UCSP</subfield>
    <subfield code="t">1</subfield>
    <subfield code="7">0</subfield>
    <subfield code="5">2</subfield>
    <subfield code="b">VAB</subfield>
    <subfield code="a">VAB</subfield>
    <subfield code="c">PBA</subfield>
    <subfield code="d">2026-04-07</subfield>
    <subfield code="e">1</subfield>
    <subfield code="r">2026-04-07 11:19:28</subfield>
    <subfield code="l">0</subfield>
    <subfield code="w">2026-04-07</subfield>
    <subfield code="y">REV</subfield>
    <subfield code="1">0</subfield>
    <subfield code="2">ddc</subfield>
    <subfield code="4">0</subfield>
    <subfield code="0">0</subfield>
  </datafield>
</record>
